01583cam a22003255i 450000100060000000300080000600500170001400800410003102000180007202000260009003500190011604000430013504100080017808200250018611000670021124502350027826000470051330000280056049001170058850600430070565000160074865000230076465000360078771000340082377300200085777300720087777600360094983001170098585601550110252108BD-RjUL20211209075744.0160906m19651967ne | s |||| 0|eng d a9789401527217 a9789401515962 (print) a(BD-RjUL)52228 dWaSeSSdBD-RjULaBD-RjULbengcBD-RjUL aeng04a341.48223bYEA 19672 aDirectorate of Human Rights of the Council of Europe.eeditor.10aYearbook of the European Convention on Human Rights, Annuaire de la Convention Europeenne des Droits de L'Homme :bThe European Commission and European Court of Human Rights, Commission et Cour Europeennes des Droits de L'Homme. / aThe Hague :bMartinus Nijhoff,c1965, 1967 axiii, 583 p. ;c25 cm. 1 aYearbook of the European Convention on Human Rights / Annuaire de la Convention Europeenne des Droits de L'Homme aLicense restrictions may limit access. 0aHumanities.14aHumanities / Arts.142Human rights vCases. zEurope 2 aSpringerLink (Online service)0 tSpringer eBooks 0tSpringerLink ebooks - Humanities, Social Sciences and Law (Archive)08iPrinted edition:z9789401515962 0aYearbook of the European Convention on Human Rights / Annuaire de la Convention Europeenne des Droits de L'Homme40uhttp://www.columbia.edu/cgi-bin/cul/resolve?clio11990593zFull text available from SpringerLink ebooks - Humanities, Social Sciences and Law (Archive)